| 000 | 00397nam a2200157 i 4500 | ||
|---|---|---|---|
| 001 | 146767 | ||
| 003 | ES-MaACL | ||
| 005 | 20230906201650.0 | ||
| 007 | t| | ||
| 008 | 070917s1919 fr ||||1| fre d | ||
| 100 | 1 |
_aTrilby, T. _9111421 |
|
| 245 | 1 | 3 |
_aLe retour _b: roman / _cT. Trilby. |
| 260 |
_aParis : _b[s.n.], _c1919 ( _fLux) |
||
| 300 |
_a256 p. ; _c19 cm. |
||
| 852 |
_aES-MaACL _jF-10018 |
||
| 999 |
_c146767 _d146767 |
||